[Event "Petrovskaya Ladya GM"]
[Site "Peterhof RUS"]
[Date "2007.08.18"]
[Round "9"]
[White "Khuseinkhodzhaev,M"]
[Black "Yevseev,D"]
[Result "0-1"]
[WhiteElo "2310"]
[BlackElo "2515"]

1.d4 Nf6 2.c4 g6 3.Nc3 Bg7 4.e4 d6 5.Nf3 O-O 6.Be2 e5 7.O-O Nc6 8.Be3 Ng4
9.Bg5 f6 10.Bc1 f5 11.Bg5 Qe8 12.d5 Ne7 13.exf5 gxf5 14.Nh4 Ng6 15.Nb5 Nxh4
16.Bxh4 Qh5 17.g3 Qf7 18.Rc1 a6 19.Na3 e4 20.Bxg4 fxg4 21.Qd2 Qg6 22.Rce1 Bd7
23.Nc2 b5 24.b3 bxc4 25.bxc4 Rab8 26.Nd4 Rb6 27.Re2 Bh6 28.Qc2 Re8 29.Rfe1 e3
30.fxe3 Qxc2 31.Nxc2 Rb2 32.Bf6 Rxa2 33.Bd4 Ra4 34.c5 dxc5 35.Bxc5 Ra5 36.Bd4 Rxd5
37.e4 Ra5 38.e5 Be6 39.Bb2 Bf8 40.h4 gxh3 41.Kh2 c5 42.g4 Bxg4 43.Rg1 h5
44.Ne3 Ra4 45.Nd5 Bg7 46.Nc7 Rc8 47.e6 Ra2 48.e7 Rxb2 49.Rxb2 Be5+ 50.Kh1 Bxc7
51.Re2 Re8 52.Re3 Bd6 53.Rxh3 Kf7 54.Rf1+ Kxe7 55.Ra3 Be6 56.Rxa6 Bd5+  0-1

[Event "VIII Open"]
[Site "Tarragona ESP"]
[Date "2007.08.18"]
[Round "1"]
[White "Gladyszev,O"]
[Black "Solsona Manonelles,J"]
[Result "1-0"]
[WhiteElo "2480"]
[BlackElo "1815"]

1.d4 Nf6 2.c4 g6 3.Nc3 Bg7 4.e4 d6 5.Be2 O-O 6.Nf3 e5 7.O-O Nc6 8.d5 Ne7
9.Ne1 Nd7 10.Be3 f5 11.f3 f4 12.Bf2 g5 13.a4 Nf6 14.c5 h5 15.a5 Ng6 16.cxd6 cxd6
17.Nb5 a6 18.Bb6 Qe7 19.Nc7 Rb8 20.Ba7 Bd7 21.Bxb8 Rxb8 22.Qb3  1-0

[Event "Open"]
[Site "Ptuj SLO"]
[Date "2007.08.19"]
[Round "9"]
[White "Jelen,Ig"]
[Black "Makaj,M"]
[Result "1-0"]
[WhiteElo "2371"]
[BlackElo "2249"]

1.d4 Nf6 2.c4 g6 3.Nc3 Bg7 4.e4 d6 5.Nf3 O-O 6.Be2 e5 7.O-O Nc6 8.d5 Ne7
9.b4 Nh5 10.Re1 f5 11.Ng5 Nf6 12.f3 Kh8 13.Be3 Ne8 14.exf5 gxf5 15.f4 Ng6
16.Nh3 exf4 17.Bd4 Be5 18.Bh5 Qf6 19.Bxe5 dxe5 20.Bxg6 hxg6 21.Qe2 e4 22.Rac1 Kg7
23.Nxf4 Qe5 24.Qe3 Rh8 25.Qg3 Qf6 26.c5 Rh6 27.h3 Kh7 28.d6 c6 29.Nd3 Be6
30.Nf2 Ng7 31.Nfxe4 fxe4 32.Nxe4 Qd4+ 33.Kh2 Nf5 34.Qf4 Kg7 35.Rcd1 Rh4 36.Qg5 Qe5+
37.Ng3 Qf6 38.Nxf5+  1-0

[Event "Dato Arthur Tan Malaysian Op"]
[Site "Kuala Lumpur MAS"]
[Date "2007.08.20"]
[Round "1"]
[White "Rahman,Zia"]
[Black "Abang,M"]
[Result "1-0"]
[WhiteElo "2522"]
[BlackElo "2136"]

1.Nf3 Nf6 2.c4 g6 3.Nc3 Bg7 4.e4 d6 5.d4 O-O 6.Be2 e5 7.O-O Nc6 8.d5 Ne7
9.b4 Ne8 10.c5 f5 11.Ng5 h6 12.Ne6 Bxe6 13.dxe6 fxe4 14.cxd6 cxd6 15.Nxe4 b6
16.b5 d5 17.Ba3 Rf4 18.Bxe7 Qxe7 19.Qxd5 Rd8 20.Qc6 Nd6 21.Nxd6 Rxd6 22.Qc8+ Rd8
23.Qc2 Qxe6 24.Rad1 Rxd1 25.Rxd1 Kh7 26.g3 Rd4 27.Rxd4 exd4 28.h4 Kh8 29.Bd3 g5
30.hxg5 hxg5 31.Qc7 Qf6 32.Qxa7 Qd6 33.Qa8+ Bf8 34.a4 Kg7 35.Qe4 Be7 36.Qh7+ Kf8
37.Qh8+ Kf7 38.Bc4+ Kg6 39.Qg8+ Kf5 40.Qf7+ Qf6 41.Qh7+ Ke5 42.Qg8 Qd6 43.Qh8+ Qf6
44.Qa8 Qd6 45.Qf3 Qc5 46.Qe2+ Kd6 47.a5 bxa5 48.Qe6+ Kc7 49.b6+ Kb8 50.Qd7 Qxb6
51.Qxe7 Qb1+ 52.Kg2 Qb7+ 53.Qxb7+ Kxb7 54.Kf3 Kc6 55.Ke4 Kc5 56.Ba2 g4 57.Kd3  1-0

[Event "Dato Arthur Tan Malaysian Op"]
[Site "Kuala Lumpur MAS"]
[Date "2007.08.20"]
[Round "2"]
[White "Taminsyah,A"]
[Black "Jones,B"]
[Result "0-1"]
[WhiteElo "1743"]
[BlackElo "2084"]

1.d4 Nf6 2.c4 g6 3.Nc3 Bg7 4.e4 d6 5.Nf3 O-O 6.Be2 e5 7.O-O Nc6 8.d5 Ne7
9.Ne1 Nd7 10.Be3 f5 11.f3 Nf6 12.c5 f4 13.Bf2 g5 14.Rc1 h5 15.cxd6 cxd6 16.Nb5 Ne8
17.Bxa7 Rxa7 18.Nxa7 Qb6+ 19.Kh1 Qxa7 20.Qb3 g4 21.Bb5 Bf6 22.a4 Ng7 23.Qb4 Qb6
24.Nc2 Ng6 25.Na3 Be7 26.Nc4 Qd8 27.Rc2 gxf3 28.gxf3 Bh3 29.Rg1 Nh4 30.Nd2 Qb6
31.Nc4 Qxg1+ 32.Kxg1 Nxf3+ 33.Kf2 Nd4 34.Qc3 f3 35.Kg3 Nxc2 36.Kxh3 Nd4 37.Ne3 h4
38.Bf1 Nh5 39.Nc2 Nf4+ 40.Kg4 Nfe2 41.Nxd4 Rf4+ 42.Kh5 Nxc3 43.bxc3 exd4
44.cxd4 Kg7  0-1

[Event "Dato Arthur Tan Malaysian Op"]
[Site "Kuala Lumpur MAS"]
[Date "2007.08.21"]
[Round "4"]
[White "Sadorra,J"]
[Black "Illingworth,M"]
[Result "1-0"]
[WhiteElo "2421"]
[BlackElo "2137"]

1.Nf3 Nf6 2.c4 g6 3.Nc3 Bg7 4.e4 d6 5.d4 O-O 6.Be2 e5 7.O-O Nc6 8.d5 Ne7
9.b4 Nh5 10.Re1 f5 11.Ng5 Nf6 12.Bf3 Rb8 13.Bb2 h6 14.Ne6 Bxe6 15.dxe6 Qc8
16.Nd5 Qxe6 17.Nxc7 Qf7 18.exf5 gxf5 19.Qxd6 e4 20.Be2 e3 21.f3 Rfd8 22.Qe6 Rbc8
23.Qxf7+ Kxf7 24.Nb5 a6 25.Na3 f4 26.Rad1 Nc6 27.Nc2 Bf8 28.a3 a5 29.Bc3 axb4
30.axb4 Ne7 31.c5 Ned5 32.Bc4 Kg6 33.Bxf6 Nxf6 34.Nd4 Be7 35.g3 Nh5 36.g4 Ng7
37.Ne2 Kg5 38.Rd5+ Rxd5 39.Bxd5 Rc7 40.Kg2 h5 41.h3 Bf6 42.Rc1 Bb2 43.Rc2 Ba3
44.Rc4 Rd7 45.Nxf4 hxg4 46.fxg4 e2 47.Kf2 Bb2 48.Re4 Be5 49.Rxe5+ Kxf4 50.Re4+ Kg5
51.Bc4  1-0

[Event "Dato Arthur Tan Malaysian Op"]
[Site "Kuala Lumpur MAS"]
[Date "2007.08.22"]
[Round "6"]
[White "Sadorra,J"]
[Black "Ramnath,B"]
[Result "1-0"]
[WhiteElo "2421"]
[BlackElo "2080"]

1.Nf3 Nf6 2.c4 g6 3.Nc3 Bg7 4.e4 d6 5.d4 O-O 6.Be2 e5 7.O-O Nc6 8.d5 Ne7
9.b4 Nh5 10.Re1 f5 11.Ng5 Nf6 12.Bf3 c6 13.Bb2 h6 14.Ne6 Bxe6 15.dxe6 fxe4
16.Nxe4 Nxe4 17.Rxe4 Nf5 18.b5 Qc7 19.Qe1 Rae8 20.bxc6 bxc6 21.c5 d5 22.Bxe5 Qc8
23.Re2 Rxe6 24.Bxg7 Rxe2 25.Qxe2 Kxg7 26.Qe5+ Kf7 27.Rb1 Re8 28.Qf4 Kg7 29.h4 Re7
30.a4 Qc7 31.Qxc7 Rxc7 32.Rb4 Kf6 33.Bd1 Ng7 34.Bg4 Ne6 35.Bxe6 Kxe6 36.a5 a6
37.Kf1 Ke5 38.f4+ Kf5 39.Kf2 g5 40.fxg5 hxg5 41.h5 Ke5 42.Ke3 Rd7 43.Kd3 d4
44.Rb8 Rh7 45.g4 Kf4 46.Rb6 Kxg4 47.Rxc6 Kxh5 48.Rxa6 g4 49.Ra8 g3 50.Rg8 Kh4
51.Kxd4 Rd7+ 52.Kc4 Rf7 53.c6 Kh3 54.Kb5 g2 55.Kb6 Rf1 56.c7 Rb1+ 57.Ka6 Rc1
58.c8=Q+ Rxc8 59.Rxc8 g1=Q 60.Rh8+ Kg2 61.Rg8+  1-0

[Event "20th Open"]
[Site "Panevezys LTU"]
[Date "2007.08.22"]
[Round "7"]
[White "Viskelis,S"]
[Black "Chocenka,D"]
[Result "0-1"]
[WhiteElo "2064"]
[BlackElo "2298"]

1.c4 Nf6 2.Nf3 g6 3.d4 Bg7 4.Nc3 O-O 5.e4 d6 6.Be2 e5 7.O-O Nc6 8.d5 Ne7
9.Ne1 a5 10.f3 Nd7 11.Be3 f5 12.g4 Kh8 13.a3 Ng8 14.Qd2 h6 15.Nd3 Ndf6 16.h3 Nh7
17.Kg2 Bf6 18.b4 Bg5 19.Bxg5 Nxg5 20.c5 Rf7 21.Nb2 fxg4 22.fxg4 axb4 23.axb4 Rxa1
24.Rxa1 Rf4 25.Qe3 h5 26.Nd3 Rf7 27.h4 Nh7 28.g5 Ne7 29.b5 c6 30.dxc6 bxc6
31.b6 Nf8 32.Ra7 Kg8 33.Nd1 dxc5 34.Nxe5 Qxb6 35.Ra3 Rg7 36.Rb3 Qa7 37.Ra3 Qb6
38.Ra8 Kh7 39.Bc4 Nd7 40.Nxd7 Bxd7 41.Nf2 Bc8 42.Nd3 Qb7 43.Ra2 Nd5 44.Qxc5 Nc3
45.Bg8+ Kxg8 46.Qxc3 Qd7 47.Nf2 Rf7 48.Rd2 Qc7 49.e5 c5 50.Rd6 Kh7 51.Qd3 Bf5
52.Qd5 Re7 53.Ne4 Bxe4+ 54.Qxe4 Qxd6  0-1

[Event "Dato Arthur Tan Malaysian Op"]
[Site "Kuala Lumpur MAS"]
[Date "2007.08.24"]
[Round "8"]
[White "Sadorra,J"]
[Black "Yeap Eng Cheam"]
[Result "1-0"]
[WhiteElo "2421"]
[BlackElo "2138"]

1.Nf3 Nf6 2.c4 d6 3.d4 g6 4.Nc3 Bg7 5.e4 O-O 6.Be2 e5 7.O-O Nc6 8.d5 Ne7
9.b4 Ne8 10.c5 h6 11.Nd2 f5 12.Nc4 fxe4 13.Ba3 Bf5 14.Rc1 g5 15.Bg4 Qd7 16.Bxf5 Qxf5
17.Qe2 Rd8 18.cxd6 cxd6 19.b5 Qd7 20.b6 a6 21.Qd2 Rf4 22.Ne2 Rf6 23.Ng3 Rf4
24.Rfe1 Qg4 25.Ne3 Qd7 26.Nc4 Qg4 27.Na5 Rd7 28.h3 Qh4 29.Qc2 Nf6 30.Nc4 e3
31.Nxe3 Bf8 32.Qd3 Ne8 33.Re2 Rd4 34.Qb1 Qf4 35.Nef5 Nxf5 36.Nxf5 Ra4 37.Re3 Rf7
38.Rf3 Qd2 39.Nxh6+ Bxh6 40.Qg6+ Rg7 41.Qxe8+ Kh7 42.Rf8  1-0

[Event "XIX Open"]
[Site "Porto San Giorgio ITA"]
[Date "2007.08.24"]
[Round "4"]
[White "Vuelban,V"]
[Black "Ferri,S"]
[Result "1-0"]
[WhiteElo "2332"]
[BlackElo "2162"]

1.d4 Nf6 2.c4 g6 3.Nc3 Bg7 4.e4 d6 5.Nf3 O-O 6.Be2 e5 7.O-O Nc6 8.d5 Ne7
9.Ne1 Nd7 10.Nd3 f5 11.f3 f4 12.Bd2 g5 13.g4 Nf6 14.c5 h5 15.h3 Ng6 16.Be1 Kf7
17.Kg2 Rh8 18.Bf2 Bd7 19.Rh1 Rh6 20.Qb3 b6 21.cxd6 cxd6 22.Nb5 Bxb5 23.Qxb5 Qh8
24.Qc6 Rd8 25.a4 Bf8 26.Rag1 Be7 27.Qc7 Qh7 28.Qxa7 Rh8 29.gxh5 Rxh5 30.Kf1 g4
31.Bxb6 Rxh3 32.Nf2 Rc8 33.Nxh3 Rc1+ 34.Bd1 gxh3 35.Ke2 Rb1 36.Kd2 Rxb2+
37.Kc3 Rb1 38.Kc2 Rb4 39.Be2 Qh5 40.Rh2 Qh8 41.Kc3 Rd4 42.Bxd4 exd4+ 43.Qxd4 Nxd5+
44.Kd3 Ne5+ 45.Kc2 Ne3+ 46.Kb1 Bf6 47.Qxd6 Be7 48.Qd4 Bf6 49.Qb4 Qh5 50.Qb3+ Ke7
51.Qb4+ Ke6 52.Rgh1 Nxf3 53.Rxh3 Qe5 54.Bc4+ Nxc4 55.Qxc4+ Ke7 56.Qb4+ Kf7
57.Qb7+ Kf8 58.Qc8+ Kf7 59.Rh7+ Bg7 60.Qd7+ Kf8 61.Qxg7+ Qxg7 62.Rxg7 Kxg7
63.Kc2 Ng5 64.a5 Kf6 65.a6  1-0

[Event "1st Serbian League Men"]
[Site "Zlatibor SRB"]
[Date "2007.08.24"]
[Round "4"]
[White "Antic,De"]
[Black "Djukic,Ni"]
[Result "1-0"]
[WhiteElo "2468"]
[BlackElo "2531"]

1.d4 Nf6 2.c4 g6 3.Nc3 Bg7 4.e4 d6 5.Nf3 O-O 6.Be2 e5 7.O-O Nc6 8.d5 Ne7
9.b4 a5 10.bxa5 c5 11.a4 Rxa5 12.Ra3 Ra6 13.g3 Kh8 14.Nh4 Nd7 15.Nb5 Bf6
16.Ng2 Bg7 17.Nh4 Bf6 18.Nf3 Bg7 19.Bb2 Ng8 20.Nh4 Nh6 21.Qd2 Nf6 22.f3 Nfg8
23.Bd3 Qe7 24.Re1 Bh3 25.Bc2 f5 26.exf5 gxf5 27.Ng2 Rf7 28.Rae3 Bxg2 29.Qxg2 f4
30.R3e2 fxg3 31.hxg3 Qf8 32.f4 exf4 33.Re8 f3 34.Rxf8 fxg2 35.Rxf7 Nxf7 36.Bxg7+ Kxg7
37.Kxg2 Ra8 38.Re6 Rd8 39.g4 Nf6 40.Kg3 b6 41.Kf4 h6 42.Bf5 Ra8 43.Bc2 Rf8
44.Re7 Kh8 45.Bf5 Ne5 46.Re6 Nxc4 47.Nxd6 Nxd5+ 48.Kg3 Nce3 49.Rxh6+ Kg7
50.Rg6+ Kh8 51.Re6 Rf6 52.Rxf6 Nxf6 53.Kf4 Nd1 54.Ke5 Kg7 55.Nc4 Ne8 56.Nxb6 Nb2
57.a5 c4 58.Kd4 Nd6 59.Bc2 Nd3 60.Bxd3 cxd3 61.Kxd3 Nb7 62.Nc4 Kf6 63.Ke3 Nc5
64.Nd2 Ke5 65.Nf3+ Kd5 66.g5 Ne6 67.g6 Ng7 68.Nd4 Kd6 69.Ke4 Kc7 70.Ke5 Kb7
71.Kf6 Nh5+ 72.Kf7 Ka6 73.Nb3  1-0

[Event "16th VR Bank Open"]
[Site "Apolda GER"]
[Date "2007.08.25"]
[Round "4"]
[White "Brock,F"]
[Black "Stiefel,R"]
[Result "1-0"]
[WhiteElo "2236"]
[BlackElo "2077"]

1.d4 Nf6 2.c4 g6 3.Nc3 Bg7 4.e4 d6 5.Nf3 O-O 6.Be2 e5 7.O-O Nc6 8.d5 Ne7
9.Ne1 Ne8 10.Nd3 f5 11.Bd2 f4 12.Bg4 Nf6 13.Bxc8 Rxc8 14.Rc1 g5 15.f3 h5
16.Nf2 Rf7 17.b4 Bf8 18.c5 Qd7 19.Qa4 Qxa4 20.Nxa4 Ne8 21.b5 b6 22.cxb6 cxb6
23.Nb2 Rc5 24.a4 Nc8 25.Nfd3 Rxc1 26.Rxc1 Rc7 27.Nc4 Nf6 28.Nb4 g4 29.Kh1 h4
30.h3 gxh3 31.gxh3 Rg7 32.Be1 Nh5 33.Bxh4 Ng3+ 34.Bxg3 Rxg3 35.Rg1 Rxg1+
36.Kxg1 Be7 37.Nc6 Kf7 38.Kf1 Ke8 39.Nb2 Bh4 40.Nd3 Kd7 41.Kg2 Kc7 42.Nf2 Kb7
43.Ng4 Bg5 44.h4 Bxh4 45.Kh3 Be1 46.Nf6 Kc7 47.Kg4 Bf2 48.Kf5 Bc5 49.Ke6 Kb7
50.Ne8 Ba3 51.Kd7 Bc5 52.Nc7 Ba3 53.Nd8+  1-0

[Event "16th VR Bank Open"]
[Site "Apolda GER"]
[Date "2007.08.25"]
[Round "5"]
[White "Siebarth,R"]
[Black "Ohme,M"]
[Result "1-0"]
[WhiteElo "2182"]
[BlackElo "2278"]

1.d4 Nf6 2.c4 g6 3.Nc3 Bg7 4.e4 d6 5.Nf3 O-O 6.Be2 e5 7.O-O Nc6 8.d5 Ne7
9.Ne1 Nd7 10.Be3 f5 11.f3 f4 12.Bf2 g5 13.a4 a5 14.Nd3 b6 15.b4 axb4 16.Nxb4 Rf6
17.a5 bxa5 18.Nc6 Nxc6 19.dxc6 Nb8 20.Qd5+ Be6 21.Qb5 Qe8 22.Nd5 Rf7 23.Rxa5 Nxc6
24.Rxa8 Qxa8 25.c5 dxc5 26.Qxc5 Bf8 27.Qc3 Bd6 28.Ra1 Qe8 29.Bb5 Bd7 30.Bc4 Kg7
31.Ra6 Rf8 32.Bf1 h5 33.Bc5 Rf7 34.Bxd6 cxd6 35.Qa3 Qe6 36.Bc4 Qh6 37.Nb6 Be6
38.Qxd6 Nb8 39.Qxe5+ Qf6 40.Qxf6+ Rxf6 41.Ra5 Bxc4 42.Nxc4 Kg6 43.Ne5+ Kh6
44.Rb5 Na6 45.h3 Nc7 46.Rc5 Ne6 47.Rc8 Kg7 48.Kh2 Nd4 49.Rd8 Ne2 50.h4 Re6
51.Rd7+ Kf6 52.hxg5+ Kxg5 53.Nd3 Ra6 54.Rd5+ Kg6 55.Rf5 Rf6 56.Ra5 Rd6 57.Ra2 Rxd3
58.Rxe2 Rd8 59.Ra2 Rf8 60.Ra5 Kh6 61.Kh3  1-0

[Event "16th VR Bank Open"]
[Site "Apolda GER"]
[Date "2007.08.26"]
[Round "7"]
[White "Brock,F"]
[Black "Zwahr,P"]
[Result "1-0"]
[WhiteElo "2236"]
[BlackElo "2250"]

1.d4 Nf6 2.c4 g6 3.Nc3 Bg7 4.e4 d6 5.Nf3 O-O 6.Be2 e5 7.O-O Nc6 8.d5 Ne7
9.Ne1 Ne8 10.Nd3 f5 11.Bd2 Kh8 12.Rc1 Ng8 13.f3 f4 14.c5 h5 15.Nb5 Bd7 16.a4 g5
17.Nf2 Nh6 18.Rc3 Rf6 19.h3 a6 20.Na3 dxc5 21.Nd3 Rg6 22.Nxc5 Bc8 23.Nc4 Qe7
24.b4 Nd6 25.Qc2 Nxc4 26.Rxc4 Bxh3 27.gxh3 g4 28.fxg4 hxg4 29.hxg4 Nxg4 30.Bxg4 Qh4
31.Rf2 Qxg4+ 32.Kf1 Qg1+ 33.Ke2 f3+ 34.Rxf3 Bh6 35.Nd3 Rf8 36.Rxf8+ Bxf8
37.Nf2 Rf6 38.Be1 Bh6 39.Rxc7 Qh2 40.Rc8+ Kg7 41.Rc7+ Kg6 42.Rc3 Qh5+ 43.Kd3 b5
44.axb5 axb5 45.Qb1 Rxf2 46.Bxf2 Qf3+ 47.Kc2 Qxe4+ 48.Kb2  1-0

[Event "Dato Arthur Tan Malaysian Op"]
[Site "Kuala Lumpur MAS"]
[Date "2007.08.26"]
[Round "11"]
[White "Irwanto,S"]
[Black "Wan Yunguo"]
[Result "0-1"]
[WhiteElo "2456"]
[BlackElo "2386"]

1.d4 Nf6 2.c4 g6 3.Nc3 Bg7 4.e4 d6 5.Nf3 O-O 6.Be2 e5 7.O-O Nc6 8.d5 Ne7
9.b4 a5 10.Ba3 Nd7 11.bxa5 Rxa5 12.Bb4 Ra6 13.a4 f5 14.Nd2 Bh6 15.a5 Kh8
16.Nb3 Nf6 17.c5 fxe4 18.Bxa6 bxa6 19.cxd6 cxd6 20.Qe2 Bb7 21.Nd2 Nexd5 22.Nxd5 Nxd5
23.Nxe4 Nxb4 24.Rfb1 Bxe4 25.Qxe4 Rf4 26.Qb7 Nd3 27.Qxa6 Nxf2 28.Qb6 Qh4
29.Qxd6 Nh3+ 30.Kh1 Nf2+ 31.Kg1 Ng4 32.Rb8+ Kg7 33.Rb7+ Kg8  0-1

[Event "XIX Open"]
[Site "Porto San Giorgio ITA"]
[Date "2007.08.26"]
[Round "6"]
[White "Csiszar,C"]
[Black "Calzetta,M"]
[Result "0-1"]
[WhiteElo "2430"]
[BlackElo "2278"]

1.d4 Nf6 2.c4 g6 3.Nc3 Bg7 4.e4 d6 5.Nf3 O-O 6.Be2 e5 7.O-O Nc6 8.d5 Ne7
9.Ne1 Ne8 10.Be3 f5 11.f3 f4 12.Bf2 g5 13.Rc1 Rf6 14.c5 Rh6 15.Nb5 a6 16.Na3 Nf6
17.cxd6 cxd6 18.Nc4 g4 19.Bb6 Qe8 20.fxg4 Nxe4 21.Bc7 b5 22.Bf3 bxc4 23.Bxe4 Qb5
24.Bd8 Bxg4 25.Qxg4 Rxd8 26.Rf2 Nxd5 27.a4 Qa5 28.Bxd5+ Qxd5 29.Qe2 Rc8 30.b3 c3
31.Qxa6 Qc5 32.b4 Qc4 33.Qb7 Rf8 34.Nc2 e4 35.Re1 d5 36.a5 e3 37.Rfe2 d4
38.Na3 Qa6 39.Qd5+ Qe6 40.Qxe6+ Rxe6 41.Rd1 Rg6 42.Kh1 f3 43.gxf3 Rxf3 44.Nc4 Rf2  0-1

[Event "15th Open"]
[Site "Nikea GRE"]
[Date "2007.08.28"]
[Round "7"]
[White "Kozhuharov,S"]
[Black "Dochev,D"]
[Result "1/2-1/2"]
[WhiteElo "2477"]
[BlackElo "2405"]

1.d4 Nf6 2.c4 g6 3.Nc3 Bg7 4.e4 d6 5.Nf3 O-O 6.Be2 e5 7.O-O Nc6 8.d5 Ne7
9.b4 Nh5 10.Re1 a5 11.bxa5 Rxa5 12.a4 c5 13.Nd2 Nf4 14.Bf1 Kh8 15.Ra3 Ra6
16.Nb5 Ng8 17.Nf3 f6 18.h3 Nh6 19.Kh2  1/2-1/2

[Event "Kalamaria Open"]
[Site "Thessaloniki GRE"]
[Date "2007.08.28"]
[Round "5"]
[White "Kotanjian,T"]
[Black "Kotronias,V"]
[Result "0-1"]
[WhiteElo "2559"]
[BlackElo "2612"]

1.d4 Nf6 2.c4 g6 3.Nc3 Bg7 4.e4 O-O 5.Nf3 d6 6.Be2 e5 7.O-O Nc6 8.d5 Ne7
9.b4 Nh5 10.Re1 f5 11.Ng5 Nf6 12.f3 c6 13.Be3 Bh6 14.h4 cxd5 15.exd5 f4 16.Bf2 Bxg5
17.hxg5 Nh5 18.c5 Nf5 19.Ne4 Nfg3 20.Bxg3 fxg3 21.Bc4 Bf5 22.Nxd6 Qxg5 23.Nxf5 Rxf5
24.d6+ Kg7 25.Re4 Nf4 26.d7 Qh4 27.Rxf4 Qxf4 28.Be6 Qe3+ 29.Kh1 Qh6+ 30.Kg1 Qh2+
31.Kf1 Qh1+ 32.Ke2 Qxg2+ 33.Kd3 Rf4 34.Kc3 Rd4  0-1

[Event "1st Serbian League Men"]
[Site "Zlatibor SRB"]
[Date "2007.08.28"]
[Round "7"]
[White "Sakaev,K"]
[Black "Sedlak,N"]
[Result "1/2-1/2"]
[WhiteElo "2634"]
[BlackElo "2590"]

1.Nf3 Nf6 2.d4 g6 3.c4 Bg7 4.Nc3 d6 5.e4 O-O 6.Be2 e5 7.O-O Nc6 8.d5 Ne7
9.Nd2 a5 10.a3 Bd7 11.b3 c6 12.Bb2 Bh6 13.Kh1 Nc8 14.Nf3 c5 15.Rb1 Nh5 16.Ne1 Ng7
17.Nd3 Nb6 18.f4 exf4 19.Nxf4 f5 20.g3 Qe7 21.Bd3 Rae8 22.Re1 Qf7 23.Rf1 Qe7
24.Re1 Qf7 25.Rf1  1/2-1/2

[Event "13th Open"]
[Site "Chambery FRA"]
[Date "2007.08.29"]
[Round "2"]
[White "Brunner,N"]
[Black "Linais,L"]
[Result "0-1"]
[WhiteElo "2435"]
[BlackElo "2145"]

1.d4 Nf6 2.c4 g6 3.Nc3 Bg7 4.e4 d6 5.Nf3 O-O 6.Be2 e5 7.O-O Nc6 8.d5 Ne7
9.Ne1 Nd7 10.Be3 f5 11.f3 f4 12.Bf2 g5 13.a4 a5 14.Nd3 Nf6 15.c5 Ng6 16.cxd6 cxd6
17.Rc1 Rf7 18.Be1 h5 19.Nf2 Bh6 20.Bd2 Rg7 21.h3 Rh7 22.Nb5 Bf8 23.Rc4 Rg7
24.Qc2 g4 25.hxg4 hxg4 26.fxg4 Nh4 27.Nc7 Nxg4 28.Nxa8 Ne3 29.Rxc8 Rxg2+
30.Kh1 Nf3  0-1

[Event "1st Serbian League Men"]
[Site "Zlatibor SRB"]
[Date "2007.08.29"]
[Round "8"]
[White "Antic,De"]
[Black "Grujic,Z"]
[Result "1/2-1/2"]
[WhiteElo "2468"]
[BlackElo "2362"]

1.d4 Nf6 2.c4 g6 3.Nc3 Bg7 4.e4 d6 5.Nf3 O-O 6.Be2 e5 7.O-O Nc6 8.d5 Ne7
9.b4 Ne8 10.a4 f5 11.c5 Nf6 12.Nd2 fxe4 13.Ndxe4 Nf5 14.Bg5 h6 15.Bxf6 Bxf6
16.Bg4 Bg7 17.Re1 h5 18.Bh3 Bh6 19.Ra3 a5 20.bxa5 dxc5 21.Nb5 Rxa5 22.Bxf5 Bxf5
23.Nxc5 Qe7 24.Rc3 c6 25.d6 Qf7 26.d7 Bxd7 27.Rf3 Bf5 28.Nd6 Qe7 29.Nxf5 gxf5
30.Rg3+ Bg7 31.Qb3+ Rf7 32.Ne6 Rd5 33.Rg6 Kh7 34.Nf4 exf4 35.Rxe7 Rxe7 36.Rxg7+ Kxg7
37.g3 fxg3 38.hxg3 Kg6 39.Kg2 Rf7 40.Qc2 Kg7 41.Qc3+ Kg8 42.a5 Rd6 43.Qe5 Rg6
44.Qe8+ Kg7 45.Qe5+ Kh7 46.Qe8 Rgg7 47.Qe2 Rg5 48.Qe6 Rgg7 49.Qe2 Rg5 50.Qe6 Kg7
51.Qe5+ Kg8 52.Qe8+ Kg7 53.Qe5+ Kh7 54.Qe6 Rfg7 55.Kf3 Kh8 56.Qc8+ Kh7 57.Qe6 R7g6
58.Qf7+ Rg7 59.Qe6  1/2-1/2

[Event "13th Open"]
[Site "Chambery FRA"]
[Date "2007.08.31"]
[Round "4"]
[White "Gladyszev,O"]
[Black "Stets,D"]
[Result "1/2-1/2"]
[WhiteElo "2480"]
[BlackElo "2390"]

1.d4 Nf6 2.c4 g6 3.Nc3 Bg7 4.e4 d6 5.Be2 O-O 6.Nf3 e5 7.O-O Nc6 8.d5 Ne7
9.Ne1 Nd7 10.Be3 f5 11.f3 f4 12.Bf2 g5 13.a4 a5 14.Nd3 b6 15.b4 axb4 16.Nxb4 Nf6
17.Nd3 Ng6 18.Be1 Rf7 19.Nf2 h5 20.h3 Bf8 21.Nb5 Nh4 22.a5 bxa5 23.Rxa5 Rxa5
24.Bxa5 g4 25.fxg4 Rg7 26.Be1 hxg4 27.hxg4 Nh5 28.Nh1 Qg5 29.Bxh4 Qxh4 30.gxh5 Rxg2+
31.Kxg2  1/2-1/2

[Event "Kalamaria Open"]
[Site "Thessaloniki GRE"]
[Date "2007.09.01"]
[Round "9"]
[White "Kotanjian,T"]
[Black "Netzer,Je"]
[Result "1/2-1/2"]
[WhiteElo "2559"]
[BlackElo "2383"]

1.d4 Nf6 2.c4 g6 3.Nc3 Bg7 4.e4 d6 5.Nf3 O-O 6.Be2 e5 7.O-O Nc6 8.d5 Ne7
9.b4 Nh5 10.Re1 f5 11.Ng5 Nf6 12.Bf3 c6 13.Ba3 h6 14.Ne6 Bxe6 15.dxe6 fxe4
16.Nxe4 Nxe4 17.Bxe4 d5 18.cxd5 cxd5 19.b5 dxe4 20.Qxd8 Rfxd8 21.Bxe7 Re8
22.Bb4 Rxe6 23.Rxe4 a6 24.Rd1 axb5 25.a3 Bf8 26.h4 Bxb4 27.axb4 Rc8 28.f3 b6
29.Rd5 Rc4 30.Rxb5 Rxe4 31.fxe4 Kf7 32.Rd5 Kf6 33.b5 g5 34.g3 gxh4 35.gxh4 Kg6
36.Kg2 Kh5 37.Kg3 Rg6+ 38.Kh3 Re6 39.Kg3 Rg6+ 40.Kf3 Re6 41.Rd1 Kxh4 42.Rh1+ Kg5
43.Rg1+ Kf6 44.Kg4 Kg6 45.Kh4+ Kf7 46.Kh5 Rd6 47.Rf1+ Ke6 48.Rg1 Rd4 49.Rg6+ Kd7
50.Rxb6 Rxe4 51.Rxh6  1/2-1/2

[Event "Masters"]
[Site "Trieste ITA"]
[Date "2007.09.03"]
[Round "4"]
[White "Hilmer,F"]
[Black "Pasquotto,M"]
[Result "1-0"]
[WhiteElo "2221"]
[BlackElo "1960"]

1.d4 Nf6 2.c4 g6 3.Nc3 Bg7 4.e4 d6 5.Nf3 O-O 6.Be2 e5 7.O-O Nc6 8.d5 Ne7
9.Bg5 h6 10.Bxf6 Bxf6 11.b4 Bg7 12.c5 f5 13.Nd2 fxe4 14.Ndxe4 Bf5 15.Rc1 a6
16.Qb3 Kh7 17.a4 b6 18.Bf3 g5 19.Ng3 Bg6 20.Be4 Bxe4 21.Ngxe4 bxc5 22.bxc5 Qd7
23.Qc4 a5 24.Nb5 Nf5 25.Qd3 Kg8 26.cxd6 cxd6 27.Rc7 Qd8 28.Rfc1 Rb8 29.R1c6  1-0

[Event "ch-Africa Men"]
[Site "Windhoek NAM"]
[Date "2007.09.03"]
[Round "3"]
[White "Aderito,P"]
[Black "Ezat,M"]
[Result "1-0"]
[WhiteElo "2305"]
[BlackElo "2438"]

1.Nf3 Nf6 2.c4 g6 3.Nc3 Bg7 4.e4 d6 5.d4 O-O 6.Be2 e5 7.O-O Nc6 8.d5 Ne7
9.b4 Nh5 10.Re1 f5 11.a4 Nf4 12.Bf1 fxe4 13.Nxe4 Bg4 14.Ra3 h6 15.h3 Bc8
16.Kh2 g5 17.Ng1 Nf5 18.g3 Ng6 19.Qh5 Nh8 20.Nf3 Bd7 21.Nfd2 Nd4 22.Qd1 Bf5
23.Bb2 Qd7 24.Bg2 Rae8 25.c5 Bg6 26.Rc3 Nf7 27.Ba3 b6 28.cxd6 cxd6 29.b5 Rc8
30.Rc6 Nxc6 31.dxc6 Qe6 32.Nc3 Kh8 33.Bd5 Qe7 34.Nce4 Rcd8 35.Nc4 g4 36.h4 h5
37.Kg1 Bxe4 38.Bxe4 Qf6 39.Re2 Rfe8 40.Ne3 Nh6 41.Nd5 Qf7 42.Qd3 Re6 43.Rc2 Rf8
44.c7 Rc8 45.a5 bxa5 46.b6 axb6 47.Rc6 Bf8 48.Qc2 Ree8 49.Nxb6 Kg7 50.Rc3 Qe6
51.Nxc8 Rxc8 52.Bb7 Nf5 53.Bxc8 Qxc8 54.Qxf5  1-0

[Event "ch-Africa Men"]
[Site "Windhoek NAM"]
[Date "2007.09.05"]
[Round "5"]
[White "Mandiza,F"]
[Black "Ezat,M"]
[Result "0-1"]
[WhiteElo "2366"]
[BlackElo "2438"]

1.d4 Nf6 2.Nf3 g6 3.c4 Bg7 4.Nc3 O-O 5.e4 d6 6.Be2 e5 7.O-O Nc6 8.d5 Ne7
9.Ne1 Nd7 10.Be3 f5 11.f3 f4 12.Bf2 g5 13.a4 a5 14.Nd3 b6 15.b4 axb4 16.Nxb4 Nf6
17.Nc6 Nxc6 18.dxc6 Qe8 19.a5 bxa5 20.c5 dxc5 21.Qa4 g4 22.fxg4 Bxg4 23.Bxg4 Nxg4
24.Bxc5 Rf7 25.Nd5 Bf8 26.Bxf8 Qxf8 27.Qc4 Kg7 28.Qc3 Qd6 29.Rad1 Ra6 30.Nxf4 Qxc6
31.Nh5+ Kg8 32.Qg3 Qxe4 33.Rxf7 Kxf7 34.Rf1+ Ke7 35.Qh4+ Kd7 36.h3 Qd4+ 37.Kh1 Ne3
38.Rf7+ Kc8 39.Qe7 Rc6 40.Qa3 a4 41.Kh2 Rc2 42.Rg7 e4 43.Qf8+ Kb7 44.Nf4 Rc1
45.Ne2 Qe5+ 46.g3 Qb2  0-1

[Event "4th LGA Premium Cup"]
[Site "Nuernberg GER"]
[Date "2007.09.07"]
[Round "2"]
[White "Redzepovic,I"]
[Black "Klundt,K"]
[Result "0-1"]
[WhiteElo "2070"]
[BlackElo "2375"]

1.d4 Nf6 2.c4 g6 3.Nc3 Bg7 4.e4 O-O 5.Nf3 d6 6.Be2 e5 7.O-O Nc6 8.d5 Ne7
9.Ne1 Nd7 10.Be3 f5 11.f3 f4 12.Bf2 g5 13.a4 Ng6 14.a5 Nf6 15.c5 Rf7 16.cxd6 cxd6
17.Nb5 g4 18.Bxa7 g3 19.Bb6 Qe7 20.Kh1 Nh5 21.Bg1 Bf6 22.Bb6 gxh2 23.Kxh2 Ng3
24.Rh1 Bh4 25.Nd3 Qg5 26.Nf2 Qh5 27.Kg1 Nxh1 28.Nxh1 Bg3 29.Nxg3 fxg3 30.Nxd6 Qh2+
31.Kf1 Qh1+ 32.Bg1 Nf4 33.Nxf7 Kxf7 34.Ke1 Qxg1+ 35.Kd2 Qd4+ 36.Kc2 Qf2 37.Kd2 Bd7  0-1

[Event "XXII Open"]
[Site "Parla ESP"]
[Date "2007.09.07"]
[Round "7"]
[White "Serrano Salvador,E"]
[Black "Jacob,V"]
[Result "1-0"]
[WhiteElo "2354"]
[BlackElo "2262"]

1.d4 Nf6 2.Nf3 g6 3.c4 Bg7 4.Nc3 O-O 5.e4 d6 6.Be2 e5 7.O-O Nc6 8.d5 Ne7
9.b4 a5 10.bxa5 c5 11.dxc6 Nxc6 12.Rb1 Qxa5 13.Rb5 Qd8 14.Be3 h6 15.Qc2 Be6
16.Rxb7 Qc8 17.Rb6 Ng4 18.Nd5 Nxe3 19.fxe3 Ra7 20.Rfb1 Qa8 21.R1b2 Rc8 22.Qb1 Bf8
23.R6b5 Ra3 24.Nb6 Qa7 25.Nxc8 Qxe3+ 26.Kh1 Bxc8 27.R5b3 Rxb3 28.axb3 Nb4
29.Qe1 Bb7 30.Qxb4 Qc1+ 31.Ng1  1-0

[Event "ch-Africa Men"]
[Site "Windhoek NAM"]
[Date "2007.09.07"]
[Round "7"]
[White "Mandiza,F"]
[Black "Mamombe,K"]
[Result "1-0"]
[WhiteElo "2366"]
[BlackElo "2089"]

1.Nf3 Nf6 2.d4 g6 3.c4 Bg7 4.Nc3 O-O 5.e4 d6 6.Be2 e5 7.O-O Nc6 8.d5 Ne7
9.Ne1 Nd7 10.Be3 f5 11.f3 f4 12.Bf2 g5 13.Rc1 Nf6 14.c5 a6 15.cxd6 cxd6 16.Na4 Rf7
17.Nb6 Rb8 18.Qc2 Bd7 19.Qc7 Qxc7 20.Rxc7 Ng6 21.Nd3 Bb5 22.Rfc1 Rxc7 23.Rxc7 g4
24.a4 gxf3 25.gxf3 Ne8 26.Rc3 Bxd3 27.Bxd3 Bf8 28.Bf1 Be7 29.Kh1 Bh4 30.Bg1 Kf7
31.Bh3 Nf8 32.Rb3 Be1 33.Kg2 a5 34.Nc4 Bb4 35.Bb6 Ra8 36.Rd3 Ke7 37.Bf2 Ng6
38.Kf1 Nc7 39.Bb6 Na6 40.Rb3 Nc5 41.Bxc5 dxc5 42.d6+ Kf6 43.Rd3 Rd8 44.Rd5 Re8
45.d7 Rd8 46.Nd6 Ne7 47.Nxb7 Nxd5 48.Nxd8 Ne3+ 49.Ke2 c4 50.Nc6 Be7 51.d8=Q Bxd8
52.Nxd8 Nc2 53.Nc6 Nd4+ 54.Nxd4 exd4 55.Bf1  1-0